Handbook of biodiversity valuation <a> guide for policy makers

Saved in:
Bibliographic Details
Format: Book
Language:English
Published: Paris OECD 2002
Subjects:
Tags: Add Tag
No Tags, Be the first to tag this record!

MARC

LEADER 00000nam a2200000 4500
001 c133171
005 20221124094530.3
020 |a 92-64-19731-1 
041 0 |a eng 
044 |a FR 
245 1 0 |a Handbook of biodiversity valuation  |b <a> guide for policy makers 
264 1 |a Paris  |b OECD  |c 2002 
300 |a 156 s. 
610 2 0 |a prostredie životné 
610 2 0 |a ekológia 
610 2 0 |a diverzita biologická 
610 2 0 |a rozhodovanie 
610 2 0 |a hodnota 
610 2 0 |a ceny trhové 
610 2 0 |a svet 
610 2 0 |a OECD